000 01296nab a2200217 i 4500
001 BPP
003 BPK
005 20140322170501.0
008 140322s2009 pl f |000 0 pol
040 _cBPK
080 _a621.5/.6
100 _aBOHDAL, Tadeusz.
_d1996 - .
_bPolitechnika Koszalińska - Wydział Mechaniczny,
_cKatedra Techniki Cieplnej i Chłodnictwa
245 _aBadanie przemieszczania się zaburzeń w skraplającym się czynniku chłodniczym /
_cTadeusz Bohdal.
260 _c2009.
500 _aDane z autopsji.
520 _aPrzeprowadzono badania eksperymentalne przemieszczania się zaburzeń w skraplającym się czynniku chłodniczym R404A. Podczas badań na stanowisku pomiarowym w skraplaczu chłodzonym powietrzem wywoływano skokową zmianę ciśnienia. Wzrost ciśnienia w kanale rurowym skraplacza powodował rozwój skraplania czynnika chłodniczego a spadek ciśnienia jego zanik. Stwierdzono, że zjawisko ma charakter falowy. Wprowadzone zaburzenie przemieszczało się ze skończoną prędkością zależną od parametrów ośrodka dwufazowego w postaci fali ciśnieniowej i temperaturowej.
650 0 _aCzynniki chłodnicze.
650 0 _aSkraplanie.
773 _iW :
_tPomiary Automatyka Kontrola. -
_g2009, nr 4, s. 236-242
942 _cART
_2UKD
999 _c3000
_d3000